Život v Duchu svatém / Alan Walker
Record details
- ISBN: 80-85013-04-5
- Physical Description: 52 s. ; 21 cm
- Edition: Vyd. 1.
- Publisher: Praha : Evangelická církev metodistická, 1990
Content descriptions
| General Note: | Přeloženo z angličtiny |
Search for related items by subject
| Subject: | Bible křesťanská víra učení metodismu biblické citáty Duch svatý duchovní dary Holy Spirit spiritual gifts Christian faith Methodist doctrine biblical quotations |
| Genre: | pojednání essays |
| LDR | 01689nam a2200517 a 4500 | ||
|---|---|---|---|
| 001 | 15957 | ||
| 003 | CZ-PrJAB | ||
| 005 | 20220614123038.0 | ||
| 007 | tu | ||
| 008 | 920908s1990 xr e u000 0 czeo | ||
| 015 | . | ‡acnb000535313 | |
| 020 | . | ‡a80-85013-04-5 ‡q(brož.) | |
| 035 | . | ‡a(CZ PrNK)cpk20040535313 | |
| 035 | . | ‡a(OCoLC)56861105 | |
| 040 | . | ‡aABA001 ‡bcze ‡cABA001 | |
| 041 | 1 | . | ‡acze ‡heng |
| 072 | 7. | ‡a27-1/-2 ‡xKřesťanská teologie. Dogmatická teologie ‡2Konspekt ‡95 | |
| 080 | . | ‡a27-184.3 ‡2MRF | |
| 080 | . | ‡a277.6-1/-9 ‡2MRF | |
| 080 | . | ‡a27-277.2 ‡2MRF | |
| 080 | . | ‡a27-144.896 ‡2MRF | |
| 080 | . | ‡a27-184.85 ‡2MRF | |
| 080 | . | ‡a(049) ‡2MRF | |
| 100 | 1 | . | ‡aWalker, Alan ‡4aut |
| 245 | 1 | 0. | ‡aŽivot v Duchu svatém / ‡cAlan Walker |
| 250 | . | ‡aVyd. 1. | |
| 260 | . | ‡aPraha : ‡bEvangelická církev metodistická, ‡c1990 | |
| 300 | . | ‡a52 s. ; ‡c21 cm | |
| 500 | . | ‡aPřeloženo z angličtiny | |
| 630 | 0 | 7. | ‡aBible ‡7unn2006374667 ‡2czenas |
| 650 | 0 | 7. | ‡akřesťanská víra ‡7ph122113 ‡2czenas |
| 650 | 0 | 7. | ‡aučení metodismu ‡7ph194671 ‡2czenas |
| 650 | 0 | 7. | ‡abiblické citáty ‡7ph118853 ‡2czenas |
| 650 | 0 | 7. | ‡aDuch svatý ‡7ph117519 ‡2czenas |
| 650 | 0 | 7. | ‡aduchovní dary ‡7ph119627 ‡2czenas |
| 650 | 0 | 9. | ‡aHoly Spirit ‡2eczenas |
| 650 | 0 | 9. | ‡aspiritual gifts ‡2eczenas |
| 650 | 0 | 9. | ‡aChristian faith ‡2eczenas |
| 650 | 0 | 9. | ‡aMethodist doctrine ‡2eczenas |
| 650 | 0 | 9. | ‡abiblical quotations ‡2eczenas |
| 655 | 7. | ‡apojednání ‡7fd133056 ‡2czenas | |
| 655 | 9. | ‡aessays ‡2eczenas | |
| 765 | 0 | . | ‡tLife in the Holy Spirit ‡9Česky |
| 910 | . | ‡aABG312 | |
| 995 | . | ‡aska | |
| 901 | . | ‡a15957 ‡bCZ PrNK ‡c15957 ‡tbiblio | |